| 000 | 00825nam a22002417a 4500 | ||
|---|---|---|---|
| 001 | BR7807541 | ||
| 003 | BR-BrBNA | ||
| 005 | 20230928085821.0 | ||
| 007 | ta | ||
| 008 | 230509b bl.||||| |||| 00| 0 por d | ||
| 040 |
_aBR-BrBNA _bpor _cBiblioteca Nacional de Agricultura |
||
| 041 | _a(Por) | ||
| 072 |
_aK00 _b/G514 |
||
| 090 | _ K00 BR7807541 | ||
| 110 | 1 |
_aInstituto Brasileiro de Desenvolvimento Florestal, Brasilia, DF _95726 |
|
| 245 | 1 | _aIndicadores e dados basicos das variaveis correspondentes a pesquisa do setor publico florestal do Brasil | |
| 260 | 3 |
_aBrasilia, DF (Brasil): _c1978. |
|
| 300 | _a42 p. | ||
| 500 | _a(*) Documento disponível no(a) Instituto Brasileiro de Desenvolvimento Florestal, Brasilia, DF | ||
| 650 | _aPESQUISA FLORESTAL | ||
| 909 |
_a202309 _bLucia _c55 _dLucia Elande |
||
| 942 | _cBK | ||
| 999 |
_c26497 _d26497 |
||